Quesiton bank in electronics and communication engineering , with more than 12000 objective type quesitona nd answers (Record no. 572975)

000 -LEADER
fixed length control field 00675nam a22001817a 4500
003 - CONTROL NUMBER IDENTIFIER
control field CEME
005 - DATE AND TIME OF LATEST TRANSACTION
control field 20210628203304.0
008 - FIXED-LENGTH DATA ELEMENTS--GENERAL INFORMATION
fixed length control field 210204b xxu||||| |||| 00| 0 eng d
020 ## - INTERNATIONAL STANDARD BOOK NUMBER
International Standard Book Number 8188458023
040 ## - CATALOGING SOURCE
Transcribing agency .
082 ## - DEWEY DECIMAL CLASSIFICATION NUMBER
Classification number 621.38107 GUP
100 ## - MAIN ENTRY--PERSONAL NAME
Personal name Gupta, B.R. Dr , Singhal, V
9 (RLIN) 64508
245 ## - TITLE STATEMENT
Title Quesiton bank in electronics and communication engineering , with more than 12000 objective type quesitona nd answers
260 ## - PUBLICATION, DISTRIBUTION, ETC.
Place of publication, distribution, etc. DELHI
Name of publisher, distributor, etc. S.K. KATARIA & SONS
Date of publication, distribution, etc. 2010
300 ## - PHYSICAL DESCRIPTION
Extent 999P
650 ## - SUBJECT ADDED ENTRY--TOPICAL TERM
Topical term or geographic name entry element MCQ-ENGINEERING. , MCQ-ELECTRONICS ENGINEERING. , MCQ-COMMUNICATION ENGINEERING. , QUESITON BANK IN ELECTRONICS AND COMMUNICATION ENGINEERING
9 (RLIN) 64509
942 ## - ADDED ENTRY ELEMENTS (KOHA)
Koha item type Book
Source of classification or shelving scheme
Holdings
Withdrawn status Lost status Damaged status Not for loan Permanent Location Current Location Shelving location Date acquired Total Checkouts Full call number Barcode Date last seen Price effective from Koha item type
        College of Electrical & Mechanical Engineering (CEME) College of Electrical & Mechanical Engineering (CEME) General Stacks 07/26/2017   621.38107 GUP CEME-45942 06/28/2021 06/28/2021 Book
© 2023 Central Library, National University of Sciences and Technology. All Rights Reserved.